000 01627aam a2200325 i 4500
001 768714001
003 CO-MdFUSB
005 20250513095511.0
007 ta
008 231003t19891989sz ||||g |||| 00| 0 spa d
020 _a2882080352
040 _aCO-MdFUSB
_bspa
_cCO-MdFUSB
_dCO-MdFUSBC
_erda
041 _aspa
082 _223
_a248
_bAN555
100 _aAndré, G.,
_eautor
245 1 4 _aLas siete fiestas de Jehová
_b : etapas de la vida cristiana
_c/ G. André
250 _aedición original en francés
_bsegunda edición en castellano
264 1 _aSuiza :
_bEdiciones Bíblicas,
_c[1989]
264 4 _c©1989
300 _a63 páginas
_c; 18 cm
336 _2rdacontent
_atexto
_btxt
337 _2rdamedia
_asin mediación
_bn
338 _2rdacarrier
_avolumen
_bnc
505 _a1. La pascua: El lado de Dios -- El lado del rescatado -- La Pascua como alimento -- La Pascua como memorial -- 2. La fiesta de los panes sin levadura: Cristo solo sin pecado -- El andar de separación del rescatado -- 3. La gavilla por primicia: Cristo resucitado -- La vida resurrecta del creyente -- 4. Pentecostés -- 5. Conmemoración al son de trompetas -- 6. El día de la expiación: El pecado -- Los sufrimientos de Cristo -- El propiciatorio -- 7. La fiesta de los Tabernáculos: ¿Cuál era la ordenanza de la fiesta para los israelitas? -- El octavo día, el gran día de la fiesta -- La fiesta de los Tabernáculos a través de los tiempos -- El octavo día, anticipo del cielo.
563 _aRústico
650 0 _919
_aVida cristiana
653 _aAyunos y fiestas judías
942 _cBK
945 _asor1564
999 _c69092
_d69092